WWE/WWF/TNA/WCW Anagrams Part 4 (Stables edition) Quiz Stats

 Plays Quiz not verified by Sporcle

Support Sporcle.
Go Orange.
Score 0/10 Timer 10:00
0 Plays Today
Hint Answer % Correct
By Doze DulyDudley Boyz
67.7%
Erred Drown OwlNew World Order
66.1%
Hazy By RodHardy Boyz
50%
Wire JoshJerishow
25.8%
Pair Dusts QiSpirit Squad
22.6%
Pope Err WussSuperpowers
22.6%
Rake TrodRated RKO
17.7%
Ideals Vulva InVaudevillains
16.1%
Canalha Em PiarAmerican Alpha
9.7%
A Scam EnigmaMegaManiacs
8.1%

You're not logged in!

Compare scores with friends on all Sporcle quizzes.
OR
Log In

From the Vault

2010s by SI Covers

by philly_phan

If you watch a lot of ESPN you'll probably be in good shape for this quiz.
Remove Ads.
Support Sporcle.
Get the best of Sporcle when you Go Orange. This ad-free experience offers more features, more stats, and more fun while also helping to support Sporcle. Thank you for becoming a member.

Show Comments

Extras

Created Jan 29, 2016ReportNominate
Tags:WWE Quiz, Edition, Stable, tna, WCW, WWF

Top Quizzes Today


Score Distribution

Your Account Isn't Verified!

In order to create a playlist on Sporcle, you need to verify the email address you used during registration. Go to your Sporcle Settings to finish the process.

Report this User

Report this user for behavior that violates our Community Guidelines.

Details: